Digitálne vzdelávanie? Zatiaľ viacero otáznikov

Projekt testovania digitálnych učebných materiálov spustený na viac ako tristo slovenských základných a stredných školách. Projekt Planéta vedomostí a zvyšovanie kvality vzdelávania. Pozitívny prínos do budúcnosti. Hodnotenie projektu.

Enregistré dans:
Détails bibliographiques
Auteur principal: Švorcová, Petra
Format: Chapitre de livre
Langue:slovaque
Sujets:
Tags: Ajouter un tag
Pas de tags, Soyez le premier à ajouter un tag!

MARC

LEADER 00000naa a2200000 4500
001 0128488
005 20231113071020.0
041 0 |a slo 
044 |a SK 
245 1 0 |a Digitálne vzdelávanie? Zatiaľ viacero otáznikov  |c Petra Švorcová 
520 |a Projekt testovania digitálnych učebných materiálov spustený na viac ako tristo slovenských základných a stredných školách. Projekt Planéta vedomostí a zvyšovanie kvality vzdelávania. Pozitívny prínos do budúcnosti. Hodnotenie projektu. 
610 2 0 |a vzdelávanie 
610 2 0 |a školy základné 
610 2 0 |a školy stredné 
610 2 0 |a učebnice 
610 2 0 |a digitalizácia 
610 2 0 |a projekty 
100 1 |a Švorcová, Petra